Computer-integrated manufacturing / (Record no. 60600)

000 -LEADER
fixed length control field 01307cam a22003134a 4500
001 - CONTROL NUMBER
control field 13474284
003 - CONTROL NUMBER IDENTIFIER
control field NUST-PNEC
005 - DATE AND TIME OF LATEST TRANSACTION
control field 20170116180702.0
008 - FIXED-LENGTH DATA ELEMENTS--GENERAL INFORMATION
fixed length control field 040130s2004 njua b 001 0 eng
010 ## - LIBRARY OF CONGRESS CONTROL NUMBER
LC control number 2004001895
020 ## - INTERNATIONAL STANDARD BOOK NUMBER
International Standard Book Number 0131134132
040 ## - CATALOGING SOURCE
Original cataloging agency DLC
Transcribing agency PNEC
042 ## - AUTHENTICATION CODE
Authentication code pcc
050 00 - LIBRARY OF CONGRESS CALL NUMBER
Classification number TS155.63
Item number .R45 2004
082 00 - DEWEY DECIMAL CLASSIFICATION NUMBER
Classification number 670.285 REH
100 1# - MAIN ENTRY--PERSONAL NAME
Personal name Rehg, James A.
245 10 - TITLE STATEMENT
Title Computer-integrated manufacturing /
Statement of responsibility, etc. James A. Rehg, Henry W. Kraebber.
250 ## - EDITION STATEMENT
Edition statement 3rd ed.
260 ## - PUBLICATION, DISTRIBUTION, ETC.
Place of publication, distribution, etc. Upper Saddle River, NJ :
Name of publisher, distributor, etc. Pearson Prentice Hall,
Date of publication, distribution, etc. c2004.
300 ## - PHYSICAL DESCRIPTION
Extent xvii, 574 p. :
Other physical details ill. ;
Dimensions 24 cm.
Accompanying material + 1 CD-ROM (4 3/4 in.)
500 ## - GENERAL NOTE
General note http://www.amazon.com/Computer-Integrated-Manufacturing-James-Rehg/dp/0131134132/ref=sr_1_1?s=books&ie=UTF8&qid=1410496214&sr=1-1&keywords=0131134132
504 ## - BIBLIOGRAPHY, ETC. NOTE
Bibliography, etc. note Includes bibliographical references and index.
650 #0 - SUBJECT ADDED ENTRY--TOPICAL TERM
Topical term or geographic name entry element Computer integrated manufacturing systems.
General subdivision IME, MS CONTROL
700 1# - ADDED ENTRY--PERSONAL NAME
Personal name Kraebber, Henry W.
856 41 - ELECTRONIC LOCATION AND ACCESS
Materials specified Table of contents
Uniform Resource Identifier <a href="http://www.loc.gov/catdir/toc/ecip0414/2004001895.html">http://www.loc.gov/catdir/toc/ecip0414/2004001895.html</a>
906 ## - LOCAL DATA ELEMENT F, LDF (RLIN)
a 7
b cbc
c orignew
d 1
e ecip
f 20
g y-gencatlg
942 ## - ADDED ENTRY ELEMENTS (KOHA)
Source of classification or shelving scheme
Koha item type Book
Holdings
Withdrawn status Lost status Source of classification or shelving scheme Damaged status Not for loan Permanent Location Current Location Shelving location Date acquired Source of acquisition Cost, normal purchase price Total Checkouts Full call number Barcode Date last seen Cost, replacement price Price effective from Koha item type
          Pakistan Navy Engineering College (PNEC) Pakistan Navy Engineering College (PNEC)   05/23/2008 Paramount Publishing Enterprise 8310.60   670.285 REH PNECLIB-028676 09/12/2014 8310.60 05/23/2008 Book
          Pakistan Navy Engineering College (PNEC) Pakistan Navy Engineering College (PNEC)           670.285 REH PNECLIB-028765 09/28/2015     Book
          Pakistan Navy Engineering College (PNEC) Pakistan Navy Engineering College (PNEC)           670.285 REH PNECLIB-028766 09/28/2015     Book
          Pakistan Navy Engineering College (PNEC) Pakistan Navy Engineering College (PNEC)           670.285 REH PNECLIB-028768 09/28/2015     Book
          Pakistan Navy Engineering College (PNEC) Pakistan Navy Engineering College (PNEC)   10/07/2015       670.285 REH PNECLIB-028769 09/28/2015     Book
          Pakistan Navy Engineering College (PNEC) Pakistan Navy Engineering College (PNEC)           670.285 REH PNECLIB-028771 09/28/2015     Book
          Pakistan Navy Engineering College (PNEC) Pakistan Navy Engineering College (PNEC)           670.285 REH PNECLIB-028770 10/06/2015     Book
          Pakistan Navy Engineering College (PNEC) Pakistan Navy Engineering College (PNEC)           670.285 REH PNECLIB-028772 10/06/2015     Book
          Pakistan Navy Engineering College (PNEC) Pakistan Navy Engineering College (PNEC)           670.285 REH PNECLIB-028767 10/06/2015     Book
© 2023 Central Library, National University of Sciences and Technology. All Rights Reserved.